ՀՀ Գիտությունների ազգային ակադեմիայի հիմնարար գիտական գրադարան  =   Fundamental Scientific Library of NAS RA

In search of Greatness : (Record no. 527531)

MARC details
000 -LEADER
fixed length control field 00638nam a2200217 a 4500
001 - CONTROL NUMBER
control field 001123260
003 - CONTROL NUMBER IDENTIFIER
control field AM-YEHGA
005 - DATE AND TIME OF LATEST TRANSACTION
control field 20250617164651.0
008 - FIXED-LENGTH DATA ELEMENTS--GENERAL INFORMATION
fixed length control field 160112s1962 nyuc|||gr|||||||||0|eng|d
040 ## - CATALOGING SOURCE
Original cataloging agency AM-YeHGA
041 0# - LANGUAGE CODE
Language code of text/sound track or separate title eng
090 ## - LOCALLY ASSIGNED LC-TYPE CALL NUMBER (OCLC); LOCAL CALL NUMBER (RLIN)
-- 565637
100 1# - MAIN ENTRY--PERSONAL NAME
Personal name Karsh, Yousuf,
Dates associated with a name 1908-2002
245 14 - TITLE STATEMENT
Title In search of Greatness :
Remainder of title Reflections of Yousuf Karsh /
Statement of responsibility, etc. Yousuf Karsh.
260 ## - PUBLICATION, DISTRIBUTION, ETC.
Place of publication, distribution, etc. New York :
Name of publisher, distributor, etc. Knopf,
Date of publication, distribution, etc. 1962.
300 ## - PHYSICAL DESCRIPTION
Extent xiv, 210 p., [7] leaves of plates :
Other physical details portraits ;
Dimensions 23 cm.
500 ## - GENERAL NOTE
General note Includes index
600 14 - SUBJECT ADDED ENTRY--PERSONAL NAME
Personal name Karsh, Yousuf,
Dates associated with a name 1908-2002
650 14 - SUBJECT ADDED ENTRY--TOPICAL TERM
Topical term or geographic name entry element Armenian Canadian photographer
942 ## - ADDED ENTRY ELEMENTS (KOHA)
Source of classification or shelving scheme Universal Decimal Classification
Koha item type Գրքեր / Books
Holdings
Withdrawn status Lost status Damaged status Not for loan Collection Home library Current library Date acquired Total checkouts Full call number Barcode Date last seen Price effective from Koha item type Public note
        General Fundamental Scientific Library Fundamental Scientific Library 14/04/2023   И II/117647 FL0672040 14/04/2023 14/04/2023 Գրքեր / Books 30 Days Loan


ՀՀ ԳԱԱ հիմնարար գիտական գրադարան
ՀՀ,Երևան 0019
Մարշալ Բաղրամյան 24/6
հեռախոս:(374-10) 52-47-50
Հետադարձ կապ

All site content, except where otherwise noted, is licensed under a
Creative Commons License